Library Banner

The genocide files / (Record no. 100180)

MARC details
000 -LEADER
fixed length control field 00540cam a2200193 a 4500
001 - CONTROL NUMBER
control field 1675600
005 - DATE AND TIME OF LATEST TRANSACTION
control field 20171125091020.0
008 - FIXED-LENGTH DATA ELEMENTS--GENERAL INFORMATION
fixed length control field 980224s1997 enka 001 0 eng d
020 ## - INTERNATIONAL STANDARD BOOK NUMBER
International Standard Book Number 0951446428
040 ## - CATALOGING SOURCE
Transcribing agency PK-LaUMT
082 00 - DEWEY DECIMAL CLASSIFICATION NUMBER
Classification number TRC 956.9304
Edition number 21
Item number GIB-G
100 1# - MAIN ENTRY--PERSONAL NAME
Personal name Gibbons, H. Scott
245 14 - TITLE STATEMENT
Title The genocide files /
Statement of responsibility, etc Harry Scott Gibbons
260 ## - PUBLICATION, DISTRIBUTION, ETC. (IMPRINT)
Place of publication, distribution, etc London :
Name of publisher, distributor, etc Charles Bravos,
Date of publication, distribution, etc 1997
300 ## - PHYSICAL DESCRIPTION
Extent 494 p. :
Other physical details ill. ;
Dimensions 21 cm.
500 ## - GENERAL NOTE
General note Includes index.
650 #0 - SUBJECT ADDED ENTRY--TOPICAL TERM
Topical term or geographic name as entry element Genocide
Geographic subdivision Cyprus
General subdivision History
Chronological subdivision 20th century.
942 ## - ADDED ENTRY ELEMENTS (KOHA)
Koha item type Books
Holdings
Withdrawn status Lost status Damaged status Home library Current library Date acquired Full call number Barcode Date last seen Price effective from Koha item type
      UMT Main Campus UMT Main Campus 2017-11-22 TRC 956.9304 GIB-G 116033 2017-11-22 2017-11-22 Turkish Collection